OPAC Home

Ceylon Observer annual,1948 (Record no. 101247)

MARC details
000 -LEADER
fixed length control field 00669nam a2200289Ia 4500
003 - CONTROL NUMBER IDENTIFIER
control field LK-CoDNM
008 - FIXED-LENGTH DATA ELEMENTS--GENERAL INFORMATION
fixed length control field 010623t1948 xxu||||| |||| 00| 1 eng d
040 ## - CATALOGING SOURCE
Original cataloging agency LK-CoDNM
Modifying agency LK-CoDNM
Description conventions LK-CoDNM
041 ## - LANGUAGE CODE
Language code of text/sound track or separate title English
080 ## - UNIVERSAL DECIMAL CLASSIFICATION NUMBER
Universal Decimal Classification number C 36
942 ## - ADDED ENTRY ELEMENTS (KOHA)
Koha item type Books
245 ## - TITLE STATEMENT
Title Ceylon Observer annual,1948
260 ## - PUBLICATION, DISTRIBUTION, ETC. (IMPRINT)
Name of publisher, distributor, etc. Lake House
Place of publication, distribution, etc. Colombo
Date of publication, distribution, etc. 1948
300 ## - PHYSICAL DESCRIPTION
Other physical details 80p,ill,pl., 28 cm
650 ## - SUBJECT ADDED ENTRY--TOPICAL TERM
Topical term or geographic name as entry element Club Life
650 ## - SUBJECT ADDED ENTRY--TOPICAL TERM
Topical term or geographic name as entry element Court
650 ## - SUBJECT ADDED ENTRY--TOPICAL TERM
Topical term or geographic name as entry element Demon
650 ## - SUBJECT ADDED ENTRY--TOPICAL TERM
Topical term or geographic name as entry element Galle
650 ## - SUBJECT ADDED ENTRY--TOPICAL TERM
Topical term or geographic name as entry element Indian Dancing
650 ## - SUBJECT ADDED ENTRY--TOPICAL TERM
Topical term or geographic name as entry element Kandy
650 ## - SUBJECT ADDED ENTRY--TOPICAL TERM
Topical term or geographic name as entry element Musical Instruments
650 ## - SUBJECT ADDED ENTRY--TOPICAL TERM
Topical term or geographic name as entry element Palmyrah
650 ## - SUBJECT ADDED ENTRY--TOPICAL TERM
Topical term or geographic name as entry element Ram Gopal
650 ## - SUBJECT ADDED ENTRY--TOPICAL TERM
Topical term or geographic name as entry element Reptilian
650 ## - SUBJECT ADDED ENTRY--TOPICAL TERM
Topical term or geographic name as entry element Town Hall
650 ## - SUBJECT ADDED ENTRY--TOPICAL TERM
Topical term or geographic name as entry element Water falls
Holdings
Withdrawn status Lost status Damaged status Not for loan Collection code Permanent Location Current Location Date acquired Full call number Barcode Koha item type
        Monographs Library National Museum Colombo - Sri Lanka Library National Museum Colombo - Sri Lanka 2023-08-02 C 36 38837 Books
        Monographs Library National Museum Colombo - Sri Lanka Library National Museum Colombo - Sri Lanka 2023-08-02   48459 Books
Copyright © 2023 Department of National Museum, Colombo 07, Sri Lanka Funded by UNESCO IFAP UNESCO